000 00402nam a22001577a 4500
008 230418b |||||||| |||| 00| 0 eng d
041 _aEng
082 _a532/Yu9f
100 _aYuan, S.W.
245 _aFoundations of fluid mechanics
260 _aNew Delhi:
_bPrentice-hall of India,
_c1976
300 _axxii,607p.;illus.
650 _aPhysics
650 _aFluid mechanics
942 _2ddc
_cGEN
999 _c109126
_d109114